[Event "Calvia (ol)"]
[Site "?"]
[Date "2004.??.??"]
[Round "?"]
[White "Dautov, R."]
[Black "Cvitan, O."]
[Result "1-0"]
[WhiteElo "2620"]
[BlackElo "2530"]
[PlyCount "71"]
[EventDate "2004.??.??"]
[Source "Chess Informant"]
[SourceDate "2004.10.01"]

1. d4 Nf6 2. c4 g6 3. g3 Bg7 4. Bg2 O-O 5. Nc3 c5 6. Nf3 cxd4 7. Nxd4 Qc7 8. b3 d5 9. Ndb5 Qa5 10. Bd2 dxc4 11. bxc4 Nc6 12. O-O Ng4 13. Nd5 Qd8 14. Rc1 a6 15. Nbc3 e6 16. Ne3 Nge5 17. c5 Qe7 18. Ne4 Rd8 19. Nd6 Rb8 20. Bc3 Na7 21. f4 Nec6 22. Bxg7 Kxg7 23. Nec4 Bd7 24. Qd2 Nc8 25. Rfd1 Nxd6 26. cxd6 Qe8 27. Nb6 e5 28. Qb2 f6 29. fxe5 Nxe5 30. Rc7 Kh6 31. Qd2+ g5 32. h4 Qe6 33. hxg5+ fxg5 34. Qe3 Rf8 35. Qe4 Qf6 36. Nxd7 1-0

[Event "National Open"]
[Site "Las Vegas USA"]
[Date "2007.06.10"]
[Round "5"]
[White "Korchnoi, V."]
[Black "Gurevich, D."]
[Result "1-0"]
[WhiteElo "2623"]
[BlackElo "2518"]
[PlyCount "91"]
[EventDate "2007.06.08"]
[Source "www.chesslib.no"]
[SourceDate "2004.05.04"]

1. d4 Nf6 2. c4 c5 3. Nf3 cxd4 4. Nxd4 e5 5. Nb5 d5 6. cxd5 Bc5 7. N5c3 O-O 8. g3 Qb6 9. e3 Bg4 10. Be2 Bh3 11. g4 h5 12. g5 Nh7 13. Rg1 Be7 14. Rg3 Bg4 15. Bxg4 hxg4 16. Qxg4 Bxg5 17. e4 Bh6 18. Bxh6 Qxh6 19. Nd2 Nf6 20. Qf3 Nbd7 21. O-O-O Nh5 22. Rh3 Ndf6 23. Kb1 Rac8 24. d6 Qg6 25. Nd5 Nxd5 26. Qxh5 Qxh5 27. Rxh5 Nb6 28. Rxe5 Rfd8 29. Nf3 Rc6 30. Re7 Rcxd6 31. Rxd6 Rxd6 32. Ng5 g6 33. Nxf7 Rf6 34. Ne5 Rxf2 35. Rxb7 g5 36. Rxa7 Rxh2 37. Ra6 Rh6 38. a4 Re6 39. Ng4 Kg7 40. e5 Kf7 41. Kc2 Nd5 42. Rxe6 Kxe6 43. Kd3 Nc7 44. b4 Kd5 45. Kc3 Ne6 46. b5 1-0

[Event "BL 0607 SC Remagen - Hamburger SK"]
[Site "Germania"]
[Date "2007.03.18"]
[Round "13.3"]
[White "Kempinski, Robert"]
[Black "Degraeve, Jean-Marc"]
[Result "1/2-1/2"]
[WhiteElo "2590"]
[BlackElo "2551"]
[PlyCount "79"]
[EventDate "2006.10.28"]
[Source "www.chesslib.no"]
[SourceDate "2004.05.04"]

1. d4 Nf6 2. c4 g6 3. g3 c5 4. Nf3 cxd4 5. Nxd4 Bg7 6. Bg2 O-O 7. Nc3 Qc7 8. Qa4 Nc6 9. Bf4 Qd8 10. c5 Nxd4 11. Qxd4 d6 12. cxd6 Ne8 13. Qb4 Nxd6 14. O-O Be6 15. Rfd1 Qb6 16. Bxd6 exd6 17. Qxb6 axb6 18. Bxb7 Ra7 19. Bd5 Bxd5 20. Nxd5 Bxb2 21. Rab1 Be5 22. Rd2 Rfa8 23. f4 Bg7 24. Rxb6 Rxa2 25. Rxa2 Rxa2 26. Rb8+ Bf8 27. Kf2 h5 28. f5 Ra5 29. e4 gxf5 30. Ne7+ Kg7 31. Nxf5+ Kg8 32. Kf3 Ra6 33. Kf4 f6 34. Rb7 Ra5 35. Rd7 Re5 36. h3 Re8 37. Kf3 Re5 38. Kf4 Re8 39. Rb7 Re5 40. Rd7 1/2-1/2

[Event "Moscow (ol)"]
[Site "?"]
[Date "1994.??.??"]
[Round "?"]
[White "Georgiev, Ki"]
[Black "Magem Badals, J."]
[Result "1/2-1/2"]
[WhiteElo "2615"]
[BlackElo "2520"]
[PlyCount "58"]
[EventDate "1994.??.??"]
[Source "ChessBase"]
[SourceDate "1994.10.01"]

1. c4 c5 2. Nf3 Nf6 3. d4 cxd4 4. Nxd4 e5 5. Nb5 d5 6. cxd5 Bc5 7. N5c3 O-O 8. e3 e4 9. a3 Bf5 10. Be2 Nbd7 11. g4 Bg6 12. h4 h6 13. Nd2 Re8 14. b4 Bd6 15. Bb2 Nb6 16. Qb3 Be5 17. O-O-O a5 18. Kb1 axb4 19. axb4 Bxc3 20. Bxc3 Nfxd5 21. Bb2 f6 22. Nc4 Bf7 23. Nxb6 Nxb6 24. Rxd8 Rexd8 25. Qc2 Rdc8 26. Qxc8+ Rxc8 27. g5 Bc4 28. Bg4 Bd3+ 29. Ka2 Bc4+ 1/2-1/2

[Event "Corr"]
[Site "?"]
[Date "1998.??.??"]
[Round "?"]
[White "Patrici Norberto Eugenio"]
[Black "Boissel Brice"]
[Result "1/2-1/2"]
[WhiteElo "2511"]
[BlackElo "2621"]
[PlyCount "72"]
[EventDate "1998.??.??"]
[Source "www.chesslib.no"]
[SourceDate "2004.05.04"]

1. d4 Nf6 2. c4 c5 3. Nf3 cxd4 4. Nxd4 e5 5. Nb5 d5 6. cxd5 Bc5 7. N5c3 O-O 8. g3 Ng4 9. e3 Na6 10. Be2 Nf6 11. O-O Bh3 12. Re1 Rc8 13. a3 Qd7 14. Bf3 Bb6 15. b4 Rfe8 16. Qd3 Nc7 17. Rd1 Red8 18. Bb2 Ne6 19. Nd2 Ng5 20. Be2 Bf5 21. Qb5 Qxb5 22. Bxb5 Rxc3 23. Bxc3 Nxd5 24. Bxe5 Nh3+ 25. Kf1 Nxf2 26. Kxf2 Nxe3 27. Ke1 Nc2+ 28. Kf1 Bh3+ 29. Ke2 Nxa1 30. Nf3 Rxd1 31. Kxd1 Bg4 32. Be2 Nb3 33. Kc2 Be6 34. Ng5 Nd4+ 35. Bxd4 Bxd4 36. Nxe6 fxe6 1/2-1/2

[Event "Lippstadt"]
[Site "?"]
[Date "2000.??.??"]
[Round "?"]
[White "Schlosser, Ph"]
[Black "Hracek, Z."]
[Result "1/2-1/2"]
[WhiteElo "2520"]
[BlackElo "2610"]
[PlyCount "33"]
[EventDate "2000.??.??"]
[Source "Chess Informant"]
[SourceDate "2000.06.01"]

1. Nf3 c5 2. c4 Nc6 3. d4 cxd4 4. Nxd4 Nf6 5. g3 e6 6. Bg2 Qb6 7. Nb5 d5 8. O-O dxc4 9. N1c3 Bd7 10. Be3 Qa5 11. Nd6+ Bxd6 12. Qxd6 O-O-O 13. Qf4 e5 14. Qxc4 Be6 15. Qh4 Ng4 16. b4 Qxb4 17. Bxc6 1/2-1/2

[Event "Batumi"]
[Site "?"]
[Date "1999.??.??"]
[Round "?"]
[White "Agrest, E."]
[Black "Nisipeanu, L._D."]
[Result "1/2-1/2"]
[WhiteElo "2550"]
[BlackElo "2580"]
[PlyCount "79"]
[EventDate "1999.??.??"]
[Source "Chess Informant"]
[SourceDate "1999.10.01"]

1. c4 e6 2. Nc3 b6 3. Nf3 c5 4. e4 Bb7 5. d4 cxd4 6. Nxd4 d6 7. Be2 Nf6 8. f3 a6 9. Be3 Nbd7 10. O-O Be7 11. a4 O-O 12. a5 bxa5 13. Nb3 Rb8 14. Nxa5 Ba8 15. Qd2 Re8 16. Kh1 Qc7 17. Rfc1 Ne5 18. Bd4 h5 19. b4 h4 20. b5 h3 21. g3 axb5 22. cxb5 Qd8 23. Bxe5 dxe5 24. Qxd8 Rexd8 25. Nc6 Bxc6 26. bxc6 Rd2 27. Ba6 Rbb2 28. Ne2 Bd6 29. c7 Bxc7 30. Rxc7 Rxe2 31. Bxe2 Rxe2 32. Rf1 g5 33. g4 Kg7 34. Kg1 Rg2+ 35. Kh1 Re2 36. Rc3 Nd7 37. Rfc1 Rf2 38. Kg1 Rg2+ 39. Kh1 Rf2 40. Kg1 1/2-1/2

[Event "49. TCh-ESP Honor 2"]
[Site "?"]
[Date "2005.09.03"]
[Round "4"]
[White "Gustafsson Jan"]
[Black "Comas Fabrego Lluis"]
[Result "1/2-1/2"]
[WhiteElo "2614"]
[BlackElo "2513"]
[PlyCount "91"]
[EventDate "2005.??.??"]
[Source "www.chesslib.no"]
[SourceDate "2004.05.04"]

1. d4 Nf6 2. c4 c5 3. Nf3 cxd4 4. Nxd4 g6 5. Nc3 Bg7 6. e4 d6 7. Be2 O-O 8. O-O Nc6 9. Nc2 Nd7 10. Bd2 Nc5 11. b4 Ne6 12. Rc1 Ned4 13. Nxd4 Nxd4 14. Be3 Nxe2+ 15. Qxe2 Be6 16. Rfd1 Bxc3 17. Rxc3 Qc7 18. c5 Qc6 19. f3 Rfc8 20. Rdc1 dxc5 21. Rxc5 Qd7 22. Rxc8+ Rxc8 23. Rxc8+ Qxc8 24. Bxa7 Qc1+ 25. Kf2 Qa3 26. Bc5 Qxa2 27. Qxa2 Bxa2 28. Bxe7 f5 29. exf5 gxf5 30. Ke3 Kf7 31. Bd8 Bc4 32. h4 Bf1 33. Kf2 Bc4 34. h5 Ke8 35. Bf6 Kf7 36. Bg5 Bb5 37. Ke3 Bf1 38. g3 Bb5 39. Bd8 Bc6 40. Kf4 Bd5 41. Bb6 Bc6 42. Bd4 b5 43. g4 fxg4 44. Kxg4 Ke6 45. Bc5 Bb7 46. f4 1/2-1/2

[Event "Bundesliga 9899"]
[Site "Germany"]
[Date "1999.01.30"]
[Round "8.1"]
[White "Schlosser, Philipp"]
[Black "Hracek, Zbynek"]
[Result "0-1"]
[WhiteElo "2511"]
[BlackElo "2615"]
[PlyCount "136"]
[EventDate "1998.10.17"]
[Source "ChessBase"]
[SourceDate "1999.07.01"]

1. Nf3 c5 2. c4 Nc6 3. d4 cxd4 4. Nxd4 Nf6 5. g3 e6 6. Bg2 Bc5 7. Nb3 Bb4+ 8. Bd2 Be7 9. O-O b6 10. Nd4 Bb7 11. Bf4 Na5 12. Bxb7 Nxb7 13. Nc3 O-O 14. e4 Bb4 15. Nde2 Rc8 16. b3 Be7 17. e5 Ne8 18. Nd4 d5 19. Qf3 Bb4 20. Ncb5 Bc5 21. Rad1 Bxd4 22. Rxd4 Qd7 23. Rfd1 Na5 24. R4d2 f6 25. Qe2 a6 26. Nd4 fxe5 27. Bxe5 dxc4 28. Nf5 Qf7 29. Nxg7 Nf6 30. Bxf6 Qxf6 31. Rd7 cxb3 32. Nh5 Qf5 33. axb3 Rc2 34. R1d2 Rxd2 35. Rxd2 Nxb3 36. Rd7 Nc5 37. g4 Qb1+ 38. Rd1 Qe4 39. Qxe4 Nxe4 40. h4 Nxf2 41. Rd7 Nh3+ 42. Kh2 Nf4 43. Ng3 Rf7 44. Rd6 Rb7 45. Ne4 a5 46. Kg3 e5 47. Rd8+ Kg7 48. Nd6 Ra7 49. Nb5 Rf7 50. Nd6 Ne2+ 51. Kg2 Ra7 52. Nb5 Re7 53. Rb8 Nd4 54. Rxb6 Nxb5 55. Rxb5 Ra7 56. Rxe5 a4 57. Re2 a3 58. Ra2 Kf6 59. Kg3 Ra4 60. g5+ Kg6 61. Kh3 Kh5 62. Kg3 Ra6 63. Kf4 Ra5 64. Rc2 Ra4+ 65. Kf5 Ra7 66. Kf4 Ra4+ 67. Kf5 a2 68. Rc7 Ra5+ 0-1

[Event "Madrid"]
[Site "Madrid"]
[Date "1973.??.??"]
[Round "9"]
[White "Uhlmann, Wolfgang"]
[Black "Ljubojevic, Ljubomir"]
[Result "1-0"]
[WhiteElo "2560"]
[BlackElo "2565"]
[PlyCount "77"]
[EventDate "1973.??.??"]
[Source "ChessBase"]

1. c4 c5 2. Nf3 Nf6 3. Nc3 b6 4. e4 d6 5. d4 cxd4 6. Nxd4 Bb7 7. f3 e6 8. Be2 Be7 9. O-O O-O 10. b3 Nbd7 11. Kh1 a6 12. Bb2 Re8 13. Qd2 Nf8 14. Nc2 Ng6 15. Rfd1 Qc7 16. Bf1 Rad8 17. Ne3 h5 18. Qf2 h4 19. Rac1 Qb8 20. Rc2 Nh5 21. Ng4 Bc6 22. b4 Rc8 23. a4 Ba8 24. b5 a5 25. Ba3 Qc7 26. Rcd2 Rcd8 27. Qe3 Nhf4 28. Ne2 Nxe2 29. Bxe2 d5 30. Bxe7 Rxe7 31. e5 Ree8 32. Qg5 Qe7 33. Nf6+ gxf6 34. exf6 Qf8 35. Bd3 Kh7 36. Bxg6+ fxg6 37. Rd4 Qf7 38. Rxh4+ Kg8 39. Rh6 1-0